000 00733cam a2200205 a 4500
020 _a0471441074 (alk. paper)
082 0 0 _a304.2
_bBLJ
_cN-01,P-145
100 1 _aDe Blij, Harm J.
_99997
245 1 0 _aHuman geography :
_bculture, society, and space.
250 _a7th ed. /
260 _aIslamabad :
_bNational Book Foundation,
_cc2003.
300 _axii, 555, 28, 10 p. :
_bcol. ill., col. maps ;
_c28 cm.
526 _a0
_b0
_c0
_d304_200000000000000_BLJ
650 0 _aHuman geography.
_913071
650 0 _aNUST
_96342
700 1 _aMurphy, Alexander B.,
_937556
856 4 1 _uhttp://www.loc.gov/catdir/toc/wiley023/2002066396.html
856 4 2 _uhttp://www.loc.gov/catdir/description/wiley037/2002066396.html
942 _2ddc
_cBK
999 _c542405
_d542405